| 000 | 00613nam a22001337a 4500 | ||
|---|---|---|---|
| 040 | _cRUA | ||
| 082 | _aVEM CHO 2014 B437 Or.1 | ||
| 100 | _aCHOUN, SOKHA. | ||
| 245 | _aSurvey on common infectious diseases on cattle in bosdth district, kampong speu province (អង្កេតពីជំងឺឆ្លងសំខាន់ៗនោក្នុងស្រុកបរសេង្ឋខេត្តកំពង់ស្ពឺ) | ||
| 260 |
_aPhnom Penh _bRUA _c2014 |
||
| 300 |
_ax, 40p. _bill. _c29cm. |
||
| 856 | _uhttps://drive.google.com/file/d/1mFIWxZckypKQsXq6XPxyzaDVowv40OBb/view?usp=sharing | ||
| 942 | _cVEM | ||
| 999 |
_c7111 _d7111 |
||